Statistics for Geometry Dash Remakes

Click here to take the quiz!

General Stats

  • This quiz has been taken 22 times
  • The average score is 12 of 15

Answer Stats

RemakeOriginal% Correct
8o X8o
100%
Sonic Wave RebirthSonic Wave
100%
ZX
100%
Altered AscentArtificial Ascent
83%
Balengu VortexBausha Vortex
83%
BloodlustBloodbath
83%
Breakout ReduxBreakout
83%
TiBuTiBuTiTi
83%
Dark OdysseyDark Travel
83%
Fantasy ParkDemon Park
83%
Different DescentDigital Descent
83%
Stalemate ReduxStalemate
83%
Carp MinorSharp Minor
67%
FishbassDown Bass
50%
CatastrophicProblematic
50%

Score Distribution

Percentile by Number Answered

Percent of People with Each Score

Your Score History

You have not taken this quiz